[Event "Kemer Turkey Cup"]
[Site "Kemer"]
[Date "2014.02.06"]
[Round "7"]
[White "Unlu, Alp Bugra"]
[Black "Gover, Rasit"]
[Result "0-1"]
[WhiteElo "1575"]
[BlackElo "1803"]
[PlyCount "82"]
[EventDate "2014.02.01"]
[EventType "swiss"]
[EventRounds "9"]
[EventCountry "TUR"]
[SourceTitle "CBM 158 Extra"]
[Source "ChessBase"]
[SourceDate "2014.02.28"]
[SourceVersion "1"]
[SourceVersionDate "2014.02.28"]
[SourceQuality "1"]

1. Nf3 d5 2. g3 Bg4 3. Bg2 c6 4. 0-0 Nd7 5. d3 Ngf6 6. Nbd2 e5 7. h3 Bh5 8. e4 Qc7 9. Qe1 Be7 10. a3 a5 11. Nh4 dxe4 12. dxe4 0-0 13. Nf5 Bc5 14. Nb3 Rfe8 15. Be3 Bf8 16. g4 Bg6 17. Rd1 a4 18. Nd2 Bxf5 19. gxf5 Nh5 20. Kh2 Nf4 21. Rg1 Nc5 22. f3 Rad8 23. Bf1 Nd7 24. Qh4 Be7 25. Qh6 Bf6 26. Bc4 Kh8 27. Rxg7 Bxg7 28. Qh4 Nf6 29. Rg1 N6h5 30. Nf1 Rg8 31. Qf2 Qe7 32. Bc5 Qf6 33. Ne3 Rd7 34. Ng4 Qd8 35. Be3 Bf6 36. Bb6 Bh4 37. Qe3 Rd2+ 38. Kh1 Qd7 39. Qc3 Nxh3 40. Nxe5 Rxg1+ 41. Bxg1 Ng3# 0-1

[Event "Kemer Turkey Cup"]
[Site "Kemer"]
[Date "2014.02.02"]
[Round "2"]
[White "Gover, Rasit"]
[Black "Karagollu, Baran Ilyas"]
[Result "0-1"]
[WhiteElo "1803"]
[BlackElo "1495"]
[PlyCount "50"]
[EventDate "2014.02.01"]
[EventType "swiss"]
[EventRounds "9"]
[EventCountry "TUR"]
[SourceTitle "CBM 158 Extra"]
[Source "ChessBase"]
[SourceDate "2014.02.28"]
[SourceVersion "1"]
[SourceVersionDate "2014.02.28"]
[SourceQuality "1"]

1. e4 e5 2. Nf3 Nc6 3. Bc4 Nf6 4. Ng5 d5 5. exd5 Na5 6. Bb5+ c6 7. dxc6 bxc6 8. Bd3 h6 9. Ne4 Nd5 10. 0-0 Be7 11. Re1 0-0 12. Nec3 Qb6 13. b3 f5 14. Na4 Qc7 15. Nac3 Nf4 16. Bf1 Ne6 17. Bb2 Ba6 18. h3 g5 19. Qh5 Kh7 20. Nd1 Bb7 21. Ne3 Nf4 22. Qd1 c5 23. Bc3 Nc6 24. Nc4 Nd4 25. Bxd4 cxd4 0-1